| 000 | 00426nam a2200169Ia 4500 | ||
|---|---|---|---|
| 003 | GCL | ||
| 008 | 140319s9999 xx 000 0 eng d | ||
| 040 |
_aGCL / _cGCL |
||
| 082 | 0 | 4 |
_a629.13092 _bH A |
| 100 | 1 | _aHOLFORD, INGRID | |
| 245 | 1 | 0 |
_aTHE AIR PILOT'S WEATHER GUIDE / _cHOLFORD, INGRID |
| 260 |
_a[S.N] : _bAIRLIFE PUBLISHING ، _c1988 |
||
| 300 | _a104 | ||
| 650 | 0 | 4 | _aPILOTS |
| 650 | 0 | 4 | _aFLYING |
| 942 |
_2ddc _cBK |
||
| 999 |
_c11017 _d11017 |
||